Economic freedom for the West.

Bibliographic Details
Main Author: Berge, Wendell, 1903-1955
Format: Book
Language:English
Published: Lincoln : University of Nebraska Press, 1946.
Subjects:

MARC

Tag First Indicator Second Indicator Subfields
LEADER 00000cam a2200000 4500
001 in00000065757
005 20151008050734.0
008 750327s1946 nbu b 00000 eng u
010 |a  46005191  
035 |a (OCoLC)01240651 
035 |9 AAG3005AM 
040 |c IAU  |d OCL  |d TXA  |d UtOrBLW 
049 |a TXAM [134236] 
050 0 0 |a HC107.A17  |b B45 
082 0 |a 330./978 
092 |a 330.978  |b B495e 
100 1 |a Berge, Wendell,  |d 1903-1955. 
245 1 0 |a Economic freedom for the West. 
264 1 |a Lincoln :  |b University of Nebraska Press,  |c 1946. 
300 |a xiv, 168 pages :  |b illustrations, maps. ;  |c 22 cm. 
336 |a text  |b txt  |2 rdacontent 
337 |a unmediated  |b n  |2 rdamedia 
338 |a volume  |b nc  |2 rdacarrier 
504 |a Bibliography: page 164. 
651 0 |a West (U.S.)  |x Economic conditions. 
999 |a MARS 
999 f f |s 484d5663-f6f8-3fe0-aded-d65f2f000dcb  |i 5b841197-51dd-3397-80af-df70b138a1f0  |t 0 
952 f f |p ric  |a Texas A&M University  |b Rellis Campus  |c Joint Library Facility  |d Remote Storage  |t 0  |e HC107.A17 B45  |h Library of Congress classification  |i unmediated -- volume  |m A14800709897 
998 f f |a HC107.A17 B45  |t 0  |l Remote Storage